01049nam a2200193 a 450000500170000000800410001701000150005802000180007304000110009105000140010210000200011624504570013625000200059326000390061330000350065250000670068765000490075465000520080320241203085143.0170519s2016 ||||||||||||||||| || u a2015460679 a9780323265379 cCBULib aRC 76 Jar aJarvis, Carolyn10aPocket companion for physical examination & health assessment.(7th ed.)cCarolyn Jarvis, PhD, APN, CNP, Professor of Nursing, School of Nursing, Illinois Wesleyan University, Bloomington, Illinois and Family Nurse Practitioner, Bloomington, Illinois ; original illustrations by Pat Thomas, CMI, FAMI, East Troy, Wisconsin ; assessment photographs by Kevin Strandberg, Professor of Art, Illinois Wesleyan University, Bloomington, Illinois.h[unmediated] aSeventh edition aSt. Louis MissouribElsevierc2016 avi, 298 pages : illustrations  aIncludes bibliographical references (pages 285-286) and index. 0aNURSING ASSESSMENT - HANDBOOKS, MANUALS, ETC 0aMEDICAL HISTORY TAKING - HANDBOOK, MANUALS, ETC